Investičná reprodukcia technickej základne

Salvato in:
Dettagli Bibliografici
Autore principale: Moravčík, Alexander
Natura: Libro
Lingua:slovacco
Pubblicazione: Bratislava VŠE 1991
Edizione:1. vyd.
Tags: Aggiungi Tag
Nessun Tag, puoi essere il primo ad aggiungerne!!

MARC

LEADER 00000nam a2200000 4500
001 c023114
005 20250703093308.7
041 0 |a slo 
044 |a SK 
245 1 0 |a Investičná reprodukcia technickej základne  |c Alexander Moravčík 
250 |a 1. vyd. 
264 1 |a Bratislava  |b VŠE  |c 1991 
300 |a 163 s. 
100 1 |a Moravčík, Alexander